Memoria del Ateneo de Señoras : (Record no. 151603)

MARC details
000 -LEADER
campo de control de longitud fija 00722nam a22001695i 4500
001 - NÚMERO DE CONTROL
campo de control 151603
003 - IDENTIFICADOR DE NÚMERO DE CONTROL
campo de control ES-MaACL
005 - FECHA Y HORA DE LA ÚLTIMA TRANSACCIÓN
campo de control 20230906204302.0
008 - DATOS DE LONGITUD FIJA--INFORMACIÓN GENERAL
campo de control de longitud fija 940301s1869 sp |||| | spa d
110 2# - ENTRADA PRINCIPAL--NOMBRE DE ENTIDAD CORPORATIVA
Nombre de entidad corporativa o nombre de jurisdicción como elemento de entrada Ateneo Artístico y Literario de Señoras de Madrid.
9 (RLIN) 141842
245 10 - MENCIÓN DEL TÍTULO
Título Memoria del Ateneo de Señoras :
Resto del título leída en Junta General celebrada el día 27 de julio de 1869 /
Mención de responsabilidad, etc. por Faustina Sáez de Melgar.
260 ## - PUBLICACIÓN, DISTRIBUCIÓN, ETC.
Lugar de publicación, distribución, etc. Madrid :
Nombre del editor, distribuidor, etc. [s.n.],
Fecha de publicación, distribución, etc. 1869 (
Fabricante Rojas)
300 ## - DESCRIPCIÓN FÍSICA
Extensión 29 p. ;
Dimensiones 20 cm.
610 24 - PUNTO DE ACCESO ADICIONAL DE MATERIA--NOMBRE DE ENTIDAD CORPORATIVA
Nombre de entidad corporativa o nombre de jurisdicción como elemento de entrada Ateneo Artístico y Literario de Señoras de Madrid.
9 (RLIN) 141842
700 1# - ENTRADA AGREGADA--NOMBRE PERSONAL
Nombre de persona Saez de Melgar, Faustina.
9 (RLIN) 132272
852 4# - LOCALIZACIÓN
Ubicación ES-MaACL
Número de control de estantería T-105-F-7
Nota libre - Enc. hol., falto de cub. original
-- - Enc. en un vol. facticio
Holdings
Estatus retirado Estado de pérdida Estado de daño No para préstamo Colección Biblioteca de origen Biblioteca actual Ubicación en estantería Fecha de adquisición Total de préstamos Signatura topográfica completa Código de barras Visto por última vez Precio de reemplazo Tipo de ítem Koha
        Colección de folletos Biblioteca del Ateneo de Madrid Biblioteca del Ateneo de Madrid Depósito folletos 17/01/2008   T-105-F-7 1158212 23/02/2023 23/02/2023 Folleto